000 00708nas a2200229 4500
001 BR9208812
003 BR-BrBNA
005 20231205093153.0
007 ta
008 230509b bl.|||p| |||| 00| 00por d
040 _aBR-BrBNA
_bpor
_cBiblioteca Nacional de Agricultura
041 _a(Pt)
072 _aL10
100 1 _aMonteiro, C. de A.
100 1 _aKerr, W.E.
245 1 _aMelhoramento genetico em abelhas. 3. troca da rainha fisogastrica
650 _aABELHA RAINHA
650 _aMELHORAMENTO GENETICO ANIMAL
773 0 _tApicultura e Polinizacao (Brazil)
_xISSN 0102-3659
_g(Jan-Feb 1990), v. 6(36) p. 25-26
_wBR9208812
909 _a202311
_bLúcia
_c55
_dLúcia Elande
942 _2AGRIS
_n0
_cANA
999 _c136606
_d136606